[Event "BEL-ch (Women)"]
[Site "Ghent"]
[Date "1989.08.06"]
[Round "9"]
[White "Berden, Theresa"]
[Black "Baekelandt, Els"]
[Result "1/2-1/2"]
[WhiteElo "1711"]
[BlackElo "1521"]
[PlyCount "83"]
[EventDate "1989.07.28"]
[EventType "tourn"]
[EventRounds "9"]
[EventCountry "BEL"]
[SourceTitle "EXT 2005"]
[Source "ChessBase"]
[SourceDate "2004.11.15"]
[SourceVersion "1"]
[SourceVersionDate "2004.11.15"]
[SourceQuality "1"]

1. e4 e5 2. Nf3 Nc6 3. Bb5 d6 4. d4 Bd7 5. dxe5 Nxe5 6. Nxe5 dxe5 7. Qxd7+ Qxd7 8. Bxd7+ Kxd7 9. Nc3 Rd8 10. Bd2 Nf6 11. 0-0-0 Kc8 12. f3 Bb4 13. a3 Ba5 14. b4 Bb6 15. Na4 Nd7 16. Nxb6+ Nxb6 17. Bc3 f6 18. g4 Rd7 19. Rxd7 Kxd7 20. g5 Nc4 21. a4 fxg5 22. h4 gxh4 23. Rxh4 g6 24. f4 Ke6 25. fxe5 Nxe5 26. Rh1 h5 27. Rg1 Rg8 28. Kd1 Ng4 29. Ke2 Rf8 30. Bd4 a6 31. Rg3 Rf4 32. Kd3 Rf8 33. c3 Rg8 34. Rf3 b6 35. c4 Rd8 36. Kc3 Rd7 37. Rf8 Ne5 38. Rg8 Nf3 39. Rxg6+ Ke7 40. Rg7+ Ke6 41. Rg6+ Ke7 42. Rg7+ 1/2-1/2

[Event "BEL-ch (Women)"]
[Site "Ghent"]
[Date "1989.08.03"]
[Round "6"]
[White "Finegold, Gina Lynne"]
[Black "Baekelandt, Els"]
[Result "1-0"]
[WhiteElo "2040"]
[BlackElo "1521"]
[PlyCount "29"]
[EventDate "1989.07.28"]
[EventType "tourn"]
[EventRounds "9"]
[EventCountry "BEL"]
[SourceTitle "EXT 2005"]
[Source "ChessBase"]
[SourceDate "2004.11.15"]
[SourceVersion "1"]
[SourceVersionDate "2004.11.15"]
[SourceQuality "1"]

1. d4 d5 2. c4 e6 3. Nf3 Nf6 4. Bg5 Nbd7 5. e3 Be7 6. Nc3 0-0 7. Qc2 h6 8. h4 Re8 9. g4 Bb4 10. Bxf6 Nxf6 11. g5 hxg5 12. hxg5 Ne4 13. 0-0-0 Nxg5 14. Nxg5 Bxc3 15. Rh8+ 1-0

[Event "BEL-ch (Women)"]
[Site "Ghent"]
[Date "1989.07.31"]
[Round "3"]
[White "Baekelandt, Els"]
[Black "Maeckelbergh, Anne Marie"]
[Result "1-0"]
[WhiteElo "1521"]
[BlackElo "1965"]
[PlyCount "80"]
[EventDate "1989.07.28"]
[EventType "tourn"]
[EventRounds "9"]
[EventCountry "BEL"]
[SourceTitle "EXT 2005"]
[Source "ChessBase"]
[SourceDate "2004.11.15"]
[SourceVersion "1"]
[SourceVersionDate "2004.11.15"]
[SourceQuality "1"]

1. e4 c5 2. Bc4 Nc6 3. Nf3 d6 4. d4 cxd4 5. Nxd4 Nf6 6. Nc3 Qb6 7. Nxc6 bxc6 8. 0-0 e6 9. Re1 Be7 10. a3 0-0 11. b4 Rd8 12. Qe2 d5 13. Bd3 Qd4 14. Bb2 dxe4 15. Bxe4 Nxe4 16. Qxe4 Qb6 17. Ne2 Rd2 18. Bd4 Qc7 19. c4 Bf6 20. Qe3 Bxd4 21. Nxd4 Rxd4 22. Qxd4 Bb7 23. c5 Rd8 24. Qh4 Qd7 25. Qg4 f5 26. Qe2 Bc8 27. Rad1 Qe7 28. Rxd8+ Qxd8 29. Rd1 Qc7 30. Qd2 Kf7 31. Qd6 Qb7 32. h3 Qb5 33. Qc7+ Kf6 34. Qxc8 Qe2 35. Qd8+ Kg6 36. Qd3 Qb2 37. Qa6 Qb3 38. Rf1 Qc3 39. Qxa7 e5 40. Qa8 e4 1-0

[Event "BEL-ch (Women)"]
[Site "Ghent"]
[Date "1989.07.29"]
[Round "2"]
[White "Foulon, Greta"]
[Black "Baekelandt, Els"]
[Result "1-0"]
[WhiteElo "2002"]
[BlackElo "1521"]
[PlyCount "57"]
[EventDate "1989.07.28"]
[EventType "tourn"]
[EventRounds "9"]
[EventCountry "BEL"]
[SourceTitle "EXT 2005"]
[Source "ChessBase"]
[SourceDate "2004.11.15"]
[SourceVersion "1"]
[SourceVersionDate "2004.11.15"]
[SourceQuality "1"]

1. d4 d5 2. g3 Nc6 3. Bg2 Bf5 4. Nf3 e6 5. 0-0 Nf6 6. c4 Be7 7. Nc3 0-0 8. b3 Re8 9. Bb2 Ne4 10. Nxe4 Bxe4 11. Rc1 Rc8 12. a3 a5 13. e3 b6 14. Qe2 f6 15. Bh3 Bf8 16. Nd2 Bg6 17. cxd5 Qxd5 18. Bg2 Nxd4 19. exd4 Qd8 20. Rc6 e5 21. dxe5 Bd3 22. Qg4 Bxf1 23. Nxf1 fxe5 24. Be4 Bd6 25. Ne3 h6 26. h4 Qf6 27. Nd5 Qf8 28. Rc3 Red8 29. Rf3 1-0

[Event "BEL-ch (Women)"]
[Site "Ghent"]
[Date "1989.07.28"]
[Round "1"]
[White "Baekelandt, Els"]
[Black "Van der Voorde, Sonja"]
[Result "1-0"]
[WhiteElo "1521"]
[BlackElo "1700"]
[PlyCount "74"]
[EventDate "1989.07.28"]
[EventType "tourn"]
[EventRounds "9"]
[EventCountry "BEL"]
[SourceTitle "EXT 2005"]
[Source "ChessBase"]
[SourceDate "2004.11.15"]
[SourceVersion "1"]
[SourceVersionDate "2004.11.15"]
[SourceQuality "1"]

1. e4 Nf6 2. Nc3 d5 3. e5 d4 4. exf6 dxc3 5. fxe7 cxd2+ 6. Bxd2 Bxe7 7. Nf3 Bf6 8. c3 Nc6 9. Be2 0-0 10. 0-0 a6 11. Qc2 Re8 12. Bd3 g6 13. Be3 Qd6 14. h3 Ne5 15. Nxe5 Bxe5 16. Rfe1 Bd7 17. Rad1 Qc6 18. Kf1 Be6 19. c4 Qd7 20. Bxg6 Qe7 21. Bxh7+ Kg7 22. Be4 c6 23. b3 Rad8 24. Rxd8 Rxd8 25. Rd1 Rh8 26. Bf5 Qf6 27. Bxe6 Qxe6 28. Re1 Qf6 29. Rd1 Rh5 30. Qd2 Rf5 31. Bd4 Bxd4 32. Qxd4 Qxd4 33. Rxd4 c5 34. Rd5 Rxd5 35. cxd5 Kf6 36. f4 Ke7 37. h4 Kd6 1-0